MARC

LEADER 00000nam0a2200000 4500
001 365361
005 20231102011758.0
035 |a (RuTPU)RU\TPU\retro\22724 
090 |a 365361 
100 |a 20211227d1981 km y0rusy50 ca 
101 0 |a rus 
102 |a RU 
105 |a y z 001zb 
200 1 |a Политические взгляды Джавахарлала Неру  |f О. В. Мартышин  |g Академия наук СССР, Институт государства и права 
210 |a Москва  |c Наука  |d 1981 
215 |a 312 с. 
320 |a Библиогр.: с. 305-310 
600 1 |a Неру  |g Джавахарлал  |c премьер-министр Республики Индия  |f 1889-1964  |b Дж.  |2 stltpush  |3 (RuTPU)RU\TPU\pers\754 
606 1 |a Индия  |x История  |2 stltpush  |3 (RuTPU)RU\TPU\subj\69057  |9 84056 
610 1 |a внутренняя политика 
610 1 |a общественная жизнь 
610 1 |a политические партии 
610 1 |a политические процессы 
610 1 |a 20 век 
610 1 |a политические деятели 
610 1 |a национально-освободительное движение 
686 |a Т3(5Инд)  |v LBC/SL-A  |2 rubbk 
700 1 |a Мартышин  |b О. В.  |g Орест Владимирович 
712 0 2 |a Академия наук СССР  |b Институт государства и права  |c (Москва)  |c (1959-1991)  |2 stltpush  |3 (RuTPU)RU\TPU\col\11358  |9 25063 
801 1 |a RU  |b 63413507  |c 20211227 
942 |c BK